Vista normal
Vista MARC
Entrada Nombre geográfico
Número de registros utilizados en: 2
001 - NÚMERO DE CONTROL
- campo de control: 41642
003 - IDENTIFICADOR DEL NÚMERO DE CONTROL
- campo de control: OSt
005 - FECHA Y HORA DE LA ÚLTIMA TRANSACCIÓN
- campo de control: 20200615033831.0
008 - DATOS DE LONGITUD FIJA
- campo de control de longitud fija: 200615|| aca||aabn | a|a d
040 ## - FUENTE DE LA CATALOGACIÓN
- Centro catalogador/agencia de origen: OSt
- Centro/agencia transcriptor: OSt
151 ## - ENCABEZAMIENTO--NOMBRE GEOGRÁFICO
- Nombre geográfico: ESPAÑA
- Subdivisión general: CORTES
- Subdivisión general: CONGRESO DE LOS DIPUTADOS
670 ## - FUENTE DE DATOS ENCONTRADOS
- Cita de la fuente: Work cat.: (OSt)18906: Fernández Flórez, Wenceslao, 1885-1964 22402, Impresiones de un hombre de buena fe :, 1964.
